NHL Starting Goalies of the 2020's - Statistics

General Stats
  • This quiz has been taken 444 times
    295 since last reset
  • The average score is 96 of 194
Answer Stats
Hint Answer W % Correct
Anaheim Ducks John Gibson 41
95%
Christopher Gibson 1
94%
Boston Bruins Linus Ullmark 66
91%
Linus Ullmark 9
91%
Marc-Andre Fleury 19
90%
Marc-Andre Fleury 33
90%
Marc-Andre Fleury 26
90%
Jeremy Swayman 54
88%
Winnipeg Jets Connor Hellebuyck 90
87%
Tampa Bay Lightning Andrei Vasilevskiy 104
86%
New York Rangers Igor Shesterkin 89
86%
Calgary Flames Jakob Markstrom 82
86%
Los Angeles Kings Jonathan Quick 45
86%
Jonathan Quick 5
86%
Nashville Predators Juuse Saros 92
86%
Florida Panthers Sergei Bobrovsky 82
86%
Carolina Hurricanes Frederik Andersen 56
85%
Frederik Andersen 13
85%
New York Islanders Ilya Sorokin 70
85%
Dallas Stars Jake Oettinger 78
83%
St. Louis Blues Jordan Binnington 63
83%
Philadelphia Flyers Carter Hart 44
82%
Vancouver Canucks Thatcher Demko 63
81%
Carey Price 13
79%
Buffalo Sabres Craig Anderson 30
79%
Craig Anderson 2
79%
Stuart Skinner 36
79%
Minnesota Wild Cam Talbot 51
77%
Cam Talbot 17
77%
Tuukka Rask 17
77%
Colorado Avalanche Alexandar Georgiev 40
76%
Alexandar Georgiev 23
76%
Darcy Keumper 10
76%
Darcy Keumper 37
76%
Darcy Kuemper 22
76%
Mike Smith 37
76%
Phillip Grubauer 30
76%
Seattle Kraken Phillip Grubauer 35
76%
Pittsburgh Penguins Tristan Jarry 83
76%
Adin Hill 9
75%
Adin Hill 19
75%
Adin Hill 16
75%
Montreal Canadiens Jake Allen 35
74%
New Jersey Devils Mackenzie Blackwood 33
73%
Pekka Rinne 10
73%
Jack Campbell 21
72%
Toronto Maple Leafs Jack Campbell 48
72%
Braden Holtby 10
71%
Brayden Holtby 7
71%
Ilya Samsonov 27
71%
Ilya Samsonov 36
71%
Sam Montembeault 24
71%
Semyon Varlamov 40
71%
Matt Murray 1
70%
Matt Murray 15
70%
Matt Murray 14
70%
Columbus Blue Jackets Elvis Merzlikins 42
68%
Joonas Korpisalo 27
68%
Joonas Korpisalo 7
68%
Martin Jones 12
67%
Martin Jones 15
67%
Martin Jones 27
67%
Petr Mrazek 6
66%
Petr Mrazek 10
66%
Petr Mrazek 18
66%
Logan Thompson 31
65%
Vegas Golden Knights Robin Lehner 34
65%
Casey DeSmith 37
63%
Spencer Knight 32
63%
Antti Raanta 5
61%
Antti Raanta 34
61%
Detroit Red Wings Ville Husso 26
61%
Ville Husso 34
61%
Ukko-Pekka Luukkonen 20
60%
Vitek Vanecek 33
58%
Washington Capitals Vitek Vanecek 41
58%
James Reimer 15
57%
San Jose Sharks James Reimer 31
57%
Jaroslav Halak 9
55%
Jaroslav Halak 10
55%
Jaroslav Halak 4
55%
Joseph Woll 6
55%
Joseph Woll 3
55%
Arizona Coyotes Karel Vejmelka 31
55%
Filip Gustavsson 22
54%
Filip Gustavsson 10
54%
Devon Levi 5
52%
Alex Nedeljkovic 15
51%
Alex Nedeljkovic 25
51%
Anthony Stolarz 21
51%
Lukas Dostal 5
51%
Scott Wedgewood 10
51%
Scott Wedgewood 12
51%
Scott Wedgewood 3
51%
Brian Elliott 15
50%
Brian Elliott 23
50%
Alex Lyon 1
49%
Alex Lyon 9
49%
Alex Lyon 1
49%
Ottawa Senators Anton Forsberg 36
48%
David Rittich 4
48%
David Rittich 6
48%
David Rittich 1
48%
David Rittich 9
48%
Eric Comrie 9
48%
Eric Comrie 1
48%
Eric Comrie 10
48%
Akira Schmid 9
47%
Laurent Brossoit 17
46%
Laurent Brossoit 6
46%
Malcolm Subban 6
46%
Edmonton Oilers Mikko Koskinen 40
46%
Kaapo Kahkonen 30
45%
Kaapo Kahkonen 9
45%
Chicago Blackhawks Kevin Lankinen 25
45%
Kevin Lankinen 9
45%
Connor Ingram 6
44%
Connor Ingram 1
44%
Charlie Lindgren 5
42%
Charlie Lindgren 13
42%
Dan Vladar 2
42%
Dan Vladar 27
42%
Joey Daccord 1
42%
Joey Daccord 2
42%
Pytor Kochetkov 15
42%
Ryan Miller 4
42%
Anton Khudobin 15
40%
Pavel Francouz 23
40%
Jonathan Bernier 9
39%
Jonathan Bernier 4
39%
Cal Petersen 34
38%
Pheonix Copley 24
38%
Devan Dubnyk 3
37%
Devan Dubnyk 3
37%
Dustin Wolf 1
37%
Jonas Johansson 10
35%
Calvin Pickard 3
33%
Cayden Primeau 2
33%
Thomas Greiss 18
33%
Thomas Greiss 7
33%
Chris Driedger 14
30%
Chris Driedger 9
30%
Samuel Ersson 6
30%
Spencer Martin 14
29%
Justus Annunen 2
27%
Louis Domingue 1
27%
Michael Hutchinson 2
27%
Michael Hutchinson 4
27%
Joel Hofer 4
26%
Keith Kinkaid 1
26%
Keith Kinkaid 4
26%
Arvid Soderblom 2
25%
Carter Hutton 1
23%
Collin Delia 2
23%
Collin Delia 10
23%
Daniel Tarasov 4
23%
Aaron Dell 1
22%
Aaron Dell 1
22%
Alex Stalock 9
22%
Andrew Hammond 3
22%
Andrew Hammond 1
22%
Felix Sandstrom 3
21%
Dustin Tokarski 10
20%
Dustin Tokarski 1
20%
Magnus Hellberg 5
19%
Magnus Hellberg 1
19%
Arturs Silovs 3
18%
Mads Sogaard 9
18%
Nico Daws 10
18%
Curtis McElhinney 4
17%
Matiss Kivlenieks 1
17%
Oscar Dansk 1
16%
Erik Kallgren 8
14%
Erik Kallgren 3
14%
Ivan Prosvetov 4
14%
Maxime Lagace 1
14%
Garret Sparks 1
11%
Marcus Hogberg 4
11%
Maxime Legace 1
11%
Harri Sateri 2
10%
J-F Berube 3
10%
Zach Fucale 1
10%
Jiri Patera 2
9%
Jon Gillies 1
8%
Jon Gillies 3
8%
Eetu Makiniemi 1
7%
Dylan Ferguson 1
6%
Hunter Miska 1
6%
Jaxson Stauber 5
5%
Kevin Mandolese 1
5%
Michael Houser 4
5%
Zach Sawchenko 1
5%
Josef Korenar 3
4%
Troy Grosenick 1
3%
No matching quizzes found
Score Distribution
Percent of People with Each Score
Percentile by Number Answered
Your Score History
You have not taken this quiz since the last reset